01264cam a2200361 i 45000010005000000030006000050050017000110080041000280100017000690200018000860400028001040420008001320500014001400820009001541000029001632450075001922500036002672600038003033000045003413360026003863360033004123370028004453380027004734400023005005000135005235050007006585200098006655210018007635210018007816500029007996550039008287000035008674333FISKH20240722141751.0221223t19571957nyua j 000 1 eng  a 2022656768 a9780064440042 aDLCbengerdacDLCdDLC apcc aPZ7.M652  a809 1 aMinarik, Else Holmelund,10aLittle Bear /cby Else Holmelund Minarik ; pictures by Maurice Sendak. aThis edition published in 1985. aNew York ;bHarperCollins,c1957. a63 pages :bcolor illustrations ;c23 cm atextbtxt2rdacontent astill imagebsti2rdacontent aunmediatedbn2rdamedia avolumebnc2rdacarrier 3aAn I can read book aPaperback edition, in illustrated stiff-paper wrappers. In pencil on front free-endpaper of LC copy: 1st paperback edition, 1967. aG  aLittle Bear's four adventures include taking a trip to the moon and having a birthday party. 8 a370 bLexile 8 aG bRaz-Plus  0aBearsvJuvenile fiction. 7aJuvenile literaturey1957.2rbgenr1 aSendak, Maurice,eillustrator.